MARC

LEADER 00000nam0a2200000 4500
001 113747
005 20231031122013.0
035 |a (RuTPU)RU\TPU\book\123009 
090 |a 113747 
100 |a 20070416d1989 k y0rusy50 ca 
101 0 |a rus 
102 |a RU 
105 |a a b 000zy 
200 1 |a Газоочистное оборудование  |e рукавные фильтры  |e каталог  |f Центральный институт научно-технической информации и технико-экономических исследований по химическому и нефтяному машиностроению (ЦИНТИХИМНЕФТЕМАШ); сост. Н. М. Васильченко, В. В. Тележников, М. Г. Мазус, Т. М. Казакова, И. М. Лямина 
210 |a Москва  |c ЦИНТИХИМНЕФТЕМАШ  |d 1989 
215 |a 11 с.  |c ил. 
610 1 |a каталоги 
610 1 |a фильтры 
610 1 |a пылеуловители 
675 |a 66.07(085)  |v 3 
702 1 |a Васильченко  |b Н. М.  |4 220 
702 1 |a Тележников  |b В. В.  |4 220 
702 1 |a Мазус  |b М. Г.  |4 220 
702 1 |a Казакова  |b Т. М.  |4 220 
702 1 |a Лямина  |b И. М.  |4 220 
712 0 2 |a Центральный институт научно-технической информации и технико-экономических исследований по химическому и нефтяному машиностроению (ЦИНТИХИМНЕФТЕМАШ)  |2 stltpush  |3 (RuTPU)RU\TPU\col\10810 
801 1 |a RU  |b 63413507  |c 20070416  |g PSBO 
801 2 |a RU  |b 63413507  |c 20070416  |g PSBO 
942 |c BK